Statistics for How many pastas can you name?

Click here to take the quiz!

General Stats

  • This quiz has been taken 54 times
  • The average score is 7 of 15

Answer Stats

Hint Answer % Correct
Come on!!!Spaghetti
94%
TubesPenne
84%
Has pocketsRavioli
82%
Multiple layersLasagna
74%
and cheese...Macaroni
66%
Cheese insideTortellini
48%
Rigatoni
46%
Tagliatelle
44%
a.k.a. Bowtie PastaFarfalle
44%
Linguini
38%
In soupsOrzo
16%
Cannelloni
16%
Usually with cream sauceFettucini
14%
Shells
10%
Papardelle
6%

Score Distribution

Percentile by Number Answered

Percent of People with Each Score

Your Score History

You have not taken this quiz